An earthworm's life / (Record no. 7879)

MARC details
000 -LEADER
fixed length control field 00956nam a22003017a 4500
001 - CONTROL NUMBER
control field 7879
003 - CONTROL NUMBER IDENTIFIER
control field FISKH
005 - DATE AND TIME OF LATEST TRANSACTION
control field 20250826135959.0
008 - FIXED-LENGTH DATA ELEMENTS--GENERAL INFORMATION
fixed length control field 250813b cb ||||| |||| 00| 0 eng d
020 ## - INTERNATIONAL STANDARD BOOK NUMBER
International Standard Book Number 9780516265353
040 ## - CATALOGING SOURCE
Original cataloging agency FISKH
Language of cataloging eng
Transcribing agency FISKH
Modifying agency FISKH
050 ## - LIBRARY OF CONGRESS CALL NUMBER
Classification number QL391.A6 H56
082 ## - DEWEY DECIMAL CLASSIFICATION NUMBER
Classification number 592.64
100 ## - MAIN ENTRY--PERSONAL NAME
Personal name Himmelman, John
Dates associated with a name (1959-)
245 ## - TITLE STATEMENT
Title An earthworm's life /
Statement of responsibility, etc. Written and Illustrated by John Himmelman
250 ## - EDITION STATEMENT
Edition statement This edition first published in 2000
260 ## - PUBLICATION, DISTRIBUTION, ETC.
Place of publication, distribution, etc. New York :
Name of publisher, distributor, etc. Children,
Date of publication, distribution, etc. 2000
300 ## - PHYSICAL DESCRIPTION
Extent 30 unnumbered pages :
Other physical details color illustrations ;
Dimensions 21 x 25 cm
505 ## - FORMATTED CONTENTS NOTE
Formatted contents note N<br/>
520 ## - SUMMARY, ETC.
Summary, etc. Describes, in simple text and illustrations, the daily activities and life cycle of the earthworm.<br/>
521 8# - TARGET AUDIENCE NOTE
Target audience note 590<br/>
Source Lexile<br/>
521 8# - TARGET AUDIENCE NOTE
Target audience note N<br/>
Source Raz-Plus<br/>
650 ## - SUBJECT ADDED ENTRY--TOPICAL TERM
Source of heading or term Life science
Topical term or geographic name entry element Nature
650 ## - SUBJECT ADDED ENTRY--TOPICAL TERM
Source of heading or term Life cycle
Topical term or geographic name entry element Earthworms
700 ## - ADDED ENTRY--PERSONAL NAME
Personal name Himmelman, John
Dates associated with a name illustrator
942 ## - ADDED ENTRY ELEMENTS (KOHA)
Source of classification or shelving scheme Dewey Decimal Classification
Koha item type Books
Suppress in OPAC No
Holdings
Withdrawn status Lost status Source of classification or shelving scheme Damaged status Not for loan Collection Home library Current library Shelving location Date acquired Total Checkouts Full call number Barcode Date last seen Copy number Price effective from Koha item type
    Dewey Decimal Classification     Juvenile Fiction Footprints International School Library Network Toul Tom Poung Campus Footprints International School Library Network Toul Tom Poung Campus TTP Primary Yellow Bookshelves 08/13/2025   HIM 592.64 QL391.A6 H56 FISBK06001 08/13/2025 1 08/13/2025 Books
    Dewey Decimal Classification     Juvenile Fiction Footprints International School Library Network Toul Tom Poung Campus Footprints International School Library Network Toul Tom Poung Campus TTP Primary Yellow Bookshelves 08/26/2025   HIM 592.64 QL391.A6 H56 FIS04944 08/26/2025 2 08/26/2025 Books